| 000 | 01535cam a22004574i 4500 | ||
|---|---|---|---|
| 003 | PE-LiUPU | ||
| 005 | 20250731173030.0 | ||
| 008 | 150623s1989 tnu rb 000 0 eng d | ||
| 035 | _a(Sirsi) a23836 | ||
| 040 |
_aPE-LiUPU _bspa _cPE-LiUPU _erda |
||
| 049 | _aPRUA | ||
| 082 | 0 | 4 |
_a211.8 _bK77 _221 |
| 100 | 1 |
_aKoster, John P., _d1945-, _eautor. |
|
| 245 | 1 | 4 |
_aThe atheist syndrome / _cJohn P. Koster. |
| 264 | 1 |
_aBrentwood, Tennessee : _bWolgemuth & Hyatt, Publishers, _c1989. |
|
| 300 |
_a202 páginas ; _c24 centímetros |
||
| 336 |
_atext _2rdacontent |
||
| 337 |
_aunmediated _2rdamedia |
||
| 338 |
_avolume _2rdacarrier |
||
| 504 | _aIncluye bibliografía. | ||
| 505 | 0 | _aThe syndrome's symptims -- The syndrome's big four -- The syndrome's continuing legacy. | |
| 526 | _aSEG42 | ||
| 526 | _aSEG41 | ||
| 526 | _aSEG40 | ||
| 526 | _aSEG39 | ||
| 526 | _aP94 | ||
| 526 | _aP87 | ||
| 526 | _aP86 | ||
| 526 | _aP85 | ||
| 526 | _aP77 | ||
| 526 | _aP76 | ||
| 526 | _aP35 | ||
| 650 | 1 | 4 |
_aAteísmo _xHistoria _ySiglo IXX. |
| 650 | 2 | 4 |
_aAteísmo _xHistoria _ySiglo XX. |
| 942 |
_2ddc _cBOOK |
||
| 949 |
_a211.8 K77 _wDEWEY _c1 _i48090 _lCCODEBUL1 _mBUL _p00.00 _r0 _sY _tBOOK _u2015-06-24 _xTEOLOGIA _PP35 _0COMPRA _o.STAFF. Colección General |
||
| 994 |
_aC0 _bPEPRU |
||
| 596 | _a1 | ||
| 999 |
_a211.8 K77 _wDEWEY _c25043 _i48090 _f2021-11-9 _g5 _lCCODEBUL1 _mBUL _p6.89 _r0 _sY _tBOOK _u2015-6-24 _xTEOLOGIA _PP35 _0COMPRA _o.STAFF. Colección Teología _d25043 |
||
| 980 |
_81 _gALBERTO SANCHEZ Responsable de Automatización |
||